LEADER 00703nam##22001337##450# 001 9910555216503321 010 $a9788883491825 100 $a########d########u##y0engy50####ba 105 0 $a########00### 200 1 $aIl morso del ragno : alle origini del tarantismo e il mondo del fenomeno vissuto dall'interno : interviste a tarantate e parenti / Maurizio Nocera ; introduzione di Gilberto Camilla ; prefazione di Georges Lapassade ; postfazione di Carl A. P. Ruck e Blaise D. Staples. 700 $aNocera, Maurizio.$0452347 912 $a9910555216503321 996 $aIl morso del ragno : alle origini del tarantismo e il mondo del fenomeno vissuto dall'interno : interviste a tarantate e parenti$92818032 997 $aUNINA LEADER 05110nam 22008175 450 001 996465416003316 005 20200701105857.0 010 $a9781282635098 010 $a3-642-02562-5 024 7 $a10.1007/978-3-642-02562-4 035 $a(CKB)1000000000753970 035 $a(SSID)ssj0000317487 035 $a(PQKBManifestationID)11231559 035 $a(PQKBTitleCode)TC0000317487 035 $a(PQKBWorkID)10289353 035 $a(PQKB)11544747 035 $a(DE-He213)978-3-642-02562-4 035 $a(MiAaPQ)EBC3064312 035 $a(PPN)136306942 035 $a(EXLCZ)991000000000753970 100 $a20100301d2009 u| 0 101 0 $aeng 135 $aurnn#008mamaa 181 $ctxt 182 $cc 183 $acr 200 10$aEngineering Societies in the Agents World IX$b[electronic resource] $e9th International Workshop, ESAW 2008, Saint-Etienne, France, September 24-26, 2008, Revised Selected Papers /$fedited by Alexander Artikis, Gauthier Picard, Laurent Vercouter 205 $a1st ed. 2009. 210 1$aBerlin, Heidelberg :$cSpringer Berlin Heidelberg :$cImprint: Springer,$d2009. 215 $a1 online resource (X, 281 p.) 225 1 $aLecture Notes in Artificial Intelligence ;$v5485 300 $aInternational conference proceedings. 311 $a3-642-02561-7 320 $aIncludes bibliographical references and index. 327 $aModeling TeleTruck: A Case Study -- Modeling TeleTruck: A Case Study -- I Organisations and Norm-Governed Systems -- Specifying Open Agent Systems: A Survey -- From Multi-Agent to Multi-Organization Systems: Utilizing Middleware Approaches -- II Privacy and Security -- RBAC-MAS and SODA: Experimenting RBAC in AOSE -- Sensitive Data Transaction in Hippocratic Multi-Agent Systems -- III Agent-Oriented Software Engineering -- ADELFE Design, AMAS-ML in Action -- Exception Handling in Goal-Oriented Multi-Agent Systems -- A Reverse Engineering Form for Multi Agent Systems -- Coping with Exceptions in Agent-Based Workflow Enactments -- IV Emergence and Self-organisation -- Contribution to the Control of a MAS?s Global Behaviour: Reinforcement Learning Tools -- Peer Pressure as a Driver of Adaptation in Agent Societies -- A Multi-Agent Resource Negotiation for the Utilitarian Welfare -- V Simulation -- Interaction Biases in Multi-Agent Simulations: An Experimental Study -- Engineering Self-modeling Systems: Application to Biology -- From Individuals to Social and Vice-versa. 330 $aThis book constitutes the thoroughly refereed post-conference proceedings of the 9th International Workshop on Engineering Societies in the Agents World, ESAW 2008, held in Saint-Etienne, France, in September 2008. The 13 revised full papers presented together with 1 invited long paper were carefully selected from 29 submissions during two rounds of reviewing and revision. The papers are organized in topical sections on organisations and norm-governed systems, privacy and security, agent-oriented software engineering, emergence and self-organisation, as well as simulation. 410 0$aLecture Notes in Artificial Intelligence ;$v5485 606 $aArtificial intelligence 606 $aSoftware engineering 606 $aComputer simulation 606 $aApplication software 606 $aComputer programming 606 $aArtificial Intelligence$3https://scigraph.springernature.com/ontologies/product-market-codes/I21000 606 $aSoftware Engineering/Programming and Operating Systems$3https://scigraph.springernature.com/ontologies/product-market-codes/I14002 606 $aSimulation and Modeling$3https://scigraph.springernature.com/ontologies/product-market-codes/I19000 606 $aComputer Appl. in Social and Behavioral Sciences$3https://scigraph.springernature.com/ontologies/product-market-codes/I23028 606 $aSoftware Engineering$3https://scigraph.springernature.com/ontologies/product-market-codes/I14029 606 $aProgramming Techniques$3https://scigraph.springernature.com/ontologies/product-market-codes/I14010 608 $aKongress.$2swd 608 $aSaint-Etienne (2008)$2swd 615 0$aArtificial intelligence. 615 0$aSoftware engineering. 615 0$aComputer simulation. 615 0$aApplication software. 615 0$aComputer programming. 615 14$aArtificial Intelligence. 615 24$aSoftware Engineering/Programming and Operating Systems. 615 24$aSimulation and Modeling. 615 24$aComputer Appl. in Social and Behavioral Sciences. 615 24$aSoftware Engineering. 615 24$aProgramming Techniques. 676 $a006.3 686 $aDAT 709f$2stub 686 $aSS 4800$2rvk 702 $aArtikis$b Alexander$4edt$4http://id.loc.gov/vocabulary/relators/edt 702 $aPicard$b Gauthier$4edt$4http://id.loc.gov/vocabulary/relators/edt 702 $aVercouter$b Laurent$4edt$4http://id.loc.gov/vocabulary/relators/edt 906 $aBOOK 912 $a996465416003316 996 $aEngineering Societies in the Agents World IX$9774209 997 $aUNISA LEADER 04551nam 2200589Ia 450 001 9911006673403321 005 20200520144314.0 010 $a1-282-01372-6 010 $a1-282-75511-0 010 $a9786612013720 010 $a9786612755118 010 $a0-08-094632-1 010 $a0-8155-1673-8 035 $a(CKB)111056552537458 035 $a(EBL)365582 035 $a(OCoLC)700680850 035 $a(MiAaPQ)EBC365582 035 $a(MiAaPQ)EBC4053709 035 $a(EXLCZ)99111056552537458 100 $a19890808d1996 uy 0 101 0 $aeng 135 $aur|n|---||||| 181 $ctxt$2rdacontent 182 $cc$2rdamedia 183 $acr$2rdacarrier 200 10$aCosmetic and toiletry formulations$hVolume 5 /$fby Ernest W. Flick 205 $a2nd ed. 210 $aPark Ridge, N.J. $cNoyes$d1996 215 $a1 online resource (673 p.) 300 $aIncludes indexes. 311 $a0-8155-1395-X 327 $aFront Cover; Cosmetic and Toiletry Formulations, Volume 5; Copyright Page; Contents and Subject Index; SECTION I: ANTIPERSPIRANTS AND DEODORANTS; Antiperspirant Cream; Antiperspirant Roll-On; Antiperspirant Cream O/W; Antiperspirant Cream O/W Transparent, in Gel Form; Perfumed Cream O/W Transparent, in Gel Form; Antiperspirant Roll-On; Antiperspirant Stick; Clear Antiperspirant Stick; Antiperspirant Roll-On; Deodorant Emulsion O/W for Roll-On; Antiperspirant Emulsion O/W, Liquid (Roll-On); Antiperspirant Emulsion O/W (Roll-On); Deodorant Lotion Clear (Roll-On) 327 $aDeodorant Antiperspirant Lotion, Clear (Roll-On)Antiperspirant Lotion; Antiperspirant Lotion (Without Alcohol); Deodorant Spray Aerosol-Packed; Antiperspirant Spray Aerosol-Packed; Deodorant, Antiperspirant Spray, Aerosol-Packed; Deodorant Stick; Deodorant Stick Without Alcohol; Deodorant Stick; Deodorant Stick Formulation; SECTION II: BABY PRODUCTS; Baby Cream Soft; Baby Cream; Baby Lotion; Baby Shampoo; Baby Bath; Bubble Bath for Babies and Children, Clear, Liquid; Bubble Bath for Babies and Children, Liquid; Care Bath for Babies and Children; Bubble Bath for Babies and Children, Pearly 327 $aCare Bath for Babies and Children, PearlyCream for Babies and Children O/W; Cream for Babies and Children, Anhydrous; Cream for Babies and Children W/O; Vulnerary Cream for Children W/O; Baby Cream O/W; Emulsion for Babies and Children O/W; Oil for Babies and Children; Vulnerary Stick for Babies and Children; Shampoo for Babies and Children; Shampoo for Children, with Ampholyte, Pearly; Shampoo for Babies and Children, Pearly; Shampoo for Babies and Children, Clear; Shampoo for Babies and Children, with Vitamin; Shampoo for Babies and Children, with Vitamin E; Baby Shampoo, Pearly 327 $aShampoo for Babies and Children, PearlyShampoo for Babies and Children, with Ampholyte, Pearly; Shampoo for Babies and Children, Clear; SECTION III: BATH AND SHOWER PRODUCTS; Bath Oil Emulsion; Bath Milk Emulsion; Bath Oil; Bath Oil, Liquid; Bath Oil, Spreading; Bubble-Bath; Bubble-Bath; Special Bath; Bubble-Bath, Clear; Bubble Bath, Clear, Liquid with Protein; Bubble Bath, Clear, Liquid; Bubble Bath, Clear, Especially Skin Compatible; Bubble Bath, Clear, with Ethereal Oil; Bubble Bath, Clear, Liquid; Vitamin Bubble Bath, Clear, Liquid; Bubble Bath, Clear, Liquid 327 $aAlgae Bubble Bath, Clear, LiquidBubble Bath; Bubble Bath, Clear, in Gel Form; Bubble Bath, Opaque, in Gel Form; Bubble Bath, Cloudy, Liquid; Bubble Bath Oil for Babies and Children; Bath Oil for Babies and Children; Powder for Babies and Children; Bubble Bath, Pearly Liquid; Bubble Bath with Whey Additive, Pearly; Bubble Bath in Powder Fom; Bubble Bath in Tablet Form with Formation of Carbonic Acid; Alpha Hydroxy Acid Lotion; Facial Moisturizing Lotion; Bubble Bath Oil, Clear, Liquid; Bubble Bath Oil, Anhydrous, Clear, Liquid; Bubble Bath Oil, Anhydrous, Clear; Rosemary Oil Bubble Bath 327 $aCare-Shower-Bath 330 $aMore than 1,400 cosmetics and toiletry formulations are detailed in this well-received and useful book. It is based on information obtained from industrial suppliers. 606 $aCosmetics 606 $aToilet preparations 615 0$aCosmetics. 615 0$aToilet preparations. 676 $a668.55 676 $a668/.55 700 $aFlick$b Ernest W$020511 801 0$bMiAaPQ 801 1$bMiAaPQ 801 2$bMiAaPQ 906 $aBOOK 912 $a9911006673403321 996 $aCosmetic and toiletry formulations$94388242 997 $aUNINA